000 00637cam a22002293a 4500
001 5964
003 PGUSA
005 20140828083126.0
008 040601s2004||||xxu|||||s|||||000 1 eng d
040 _aPGUSA
_beng
042 _adc
050 4 _aPS
100 1 _aSinclair, Upton,
_d1878-1968
245 1 0 _aLove's Pilgrimage :
_bA Novel
_h[electronic resource] /
_cUpton Sinclair
260 _bProject Gutenberg,
_c2004
506 _aPublic domain in the USA.
516 _aElectronic text
653 _aAutobiographical fiction
830 0 _aProject Gutenberg
_v5964
856 4 0 _uhttp://www.gutenberg.org/ebooks/5964
942 _cEB
999 _c235292
_d235292